How I Met Your Mother Characters Quiz Stats

 Plays Quiz not verified by Sporcle

Support Sporcle.
Go Orange.
Score 0/43 Timer 15:00
0 Plays Today
Hint Character % Correct
Architect/ProfessorTed Mosby
98.1%
SUIT UPBarney Stinson
90.7%
Kindergarten TeacherLily Aldrin
83.2%
LawyeredMarshall Eriksen
80.4%
Cab driverRanjit
74.8%
BartenderCarl
73.8%
WaitressWendy
72.9%
ReporterRobin Scherbatsky
69.2%
Barney's brotherJames Stinson
65.4%
Dated TedVictoria
63.6%
Dated TedStella Zinman
52.3%
Stella's receptionistAbby
52.3%
Marshall's friendBrad
50.5%
Robin's former co-anchorSandy Rivers
48.6%
Barney's 'dad'Bob Barker
45.8%
PineappleTrudy
43%
Stella's husbandTony
41.1%
Ted's sisterHeather Mosby
35.5%
Barney and Marshall's BossBilson
35.5%
Ted and Marshall's friendStuart
34.6%
Ted's MotherVirginia Mosby
33.6%
Dated TedKaren
32.7%
Hint Character % Correct
Started SwarleyChloe
32.7%
Took Barney's virginityRhonda
32.7%
The Butterfly TattooAmy
30.8%
Dated RobinDon Frank
29.9%
Robin's sisterKatie Scherbatsky
28%
Stella's daughterLucy Zinman
28%
Ted's coworkerHammond Druthers
27.1%
Robin's friend from CandaJessica Glitter
23.4%
Rain DancePenelope
20.6%
Dated RobinGael
20.6%
Strung along TedTiffany
15.9%
Barney and Marshall's coworkerBlauman
15.9%
KaraokeKorean Elvis
15%
Barney and Marshall's coworkerJenkins
13.1%
Dated TedCindy
13.1%
CougarProfessor Lewis
6.5%
Hooked up with Barney'Crazy' Meg
4.7%
Dated TedZoey van Smoot
3.7%
Ted and Marshall's college friendSteve 'Blitz'
3.7%
Dating GuruAnita Appleby
2.8%
Dated LilyScooter (Bill)
2.8%

You're not logged in!

Compare scores with friends on all Sporcle quizzes.
OR
Log In

From the Vault

SNL - Tracy Morgan Impressions

by Librarysquirrel

"You get somebody to crack a smile, that's a beautiful thing."
Remove Ads.
Support Sporcle.
Get the best of Sporcle when you Go Orange. This ad-free experience offers more features, more stats, and more fun while also helping to support Sporcle. Thank you for becoming a member.

Show Comments

Extras

Top Quizzes Today


Score Distribution

Your Account Isn't Verified!

In order to create a playlist on Sporcle, you need to verify the email address you used during registration. Go to your Sporcle Settings to finish the process.

Report this User

Report this user for behavior that violates our Community Guidelines.

Details: